[Event "ROM-chT"]
[Site "Romania"]
[Date "1994.??.??"]
[Round "?"]
[White "Hristodorescu, Daniel"]
[Black "Gaburici, Gheorghe"]
[Result "1-0"]
[WhiteElo "2285"]
[BlackElo "2210"]
[PlyCount "89"]
[EventDate "1994.??.??"]
[EventType "team"]
[EventRounds "10"]
[EventCountry "ROU"]
[SourceTitle "EXT 1997"]
[Source "ChessBase"]
[SourceDate "1996.11.15"]
[SourceVersion "1"]
[SourceVersionDate "1996.11.15"]
[SourceQuality "1"]

1. e4 g6 2. d4 Bg7 3. Nc3 d6 4. Be3 Nf6 5. f3 c6 6. Qd2 b5 7. g4 h5 8. g5 Nfd7 9. f4 Nb6 10. Nf3 Bg4 11. Nh4 b4 12. Nd1 d5 13. e5 Bxd1 14. Rxd1 a5 15. e6 fxe6 16. Nxg6 Rg8 17. Qe2 Kd7 18. Bh3 Na6 19. Bc1 Nc7 20. 0-0 Nc4 21. f5 Nd6 22. fxe6+ Kc8 23. Kh1 Kb7 24. Nh4 Qe8 25. Nf5 Ne4 26. Bg2 Nd6 27. Nxd6+ exd6 28. Rf7 Kb6 29. Bh3 Ra7 30. c3 Nb5 31. Rxa7 Nxa7 32. Rf1 Qg6 33. Bf5 Qe8 34. Bd3 Rf8 35. Rxf8 Bxf8 36. Bd2 c5 37. g6 Qe7 38. Qf2 Nc6 39. Qf5 cxd4 40. Bg5 Qg7 41. Qxd5 dxc3 42. Qb5+ Kc7 43. Be4 d5 44. Qxd5 Ne5 45. Qd8# 1-0